The woman and the crow / (Record no. 21625)

MARC details
000 -LEADER
fixed length control field 02853nam a22003977a 4500
005 - DATE AND TIME OF LATEST TRANSACTION
control field 20090119143636.0
008 - FIXED-LENGTH DATA ELEMENTS--GENERAL INFORMATION
fixed length control field 090119t xxu||||| |||| 00| 1 eng d
010 ## - LCCN (DPL NO)
LC control number B-344150-160
020 ## - INTERNATIONAL STANDARD BOOK NUMBER
International Standard Book Number 9798170111336
020 ## - INTERNATIONAL STANDARD BOOK NUMBER
International Standard Book Number 8170111331
Terms of availability 20.00
035 ## - SYSTEM CONTROL NUMBER
System control number B-344150-160
037 ## - SOURCE OF ACQUISITION
Source of stock number/acquisition Tarun Books
040 ## - CATALOGING SOURCE
Original cataloging agency dpl
Language of cataloging English
082 ## - DEWEY DECIMAL CLASSIFICATION NUMBER
Classification number S
100 ## - MAIN ENTRY--PERSONAL NAME
Personal name Shankar
110 ## - MAIN ENTRY--CORPORATE NAME
Corporate name or jurisdiction name as entry element illustrated by Subir Roy
245 ## - TITLE STATEMENT
Title The woman and the crow /
Statement of responsibility, etc by Shankar
Medium English
260 ## - PUBLICATION, DISTRIBUTION, ETC. (IMPRINT)
Place of publication, distribution, etc New Delhi
Name of publisher, distributor, etc Children Book Trust
Date of publication, distribution, etc 2007 (repr.)
270 ## - ADDRESS
Address Nehru House, 4 Bahadur Shah Zafar Marg, New Delhi-110002
City New Delhi
Postal code 110002
Telephone number 23316970-74
Fax number 23727190
Electronic mail address cbtnd@vsnl.com
300 ## - PHYSICAL DESCRIPTION
Extent 24p.
Dimensions 16cm. (pbk)
600 ## - SUBJECT ADDED ENTRY--PERSONAL NAME
Personal name Shankar
366 ## - TRADE AVAILABILITY INFORMATION
Detailed date of publication 2007
942 ## - ADDED ENTRY ELEMENTS (KOHA)
Source of classification or shelving scheme Dewey Decimal Classification
Item type Children Books
Classification part S
Call number suffix SHA
Holdings
Withdrawn status Lost status Source of classification or shelving scheme Damaged status Not for loan Collection code Home library Current library Date acquired Source of acquisition Cost, normal purchase price Total Checkouts Full call number Barcode Date last seen Copy number Cost, replacement price Koha item type Total Renewals Public note
    Dewey Decimal Classification     Fiction Bawana Bawana 21/08/2009 Tarun Books/3939/15.5.09/13/23.4.09/4.7.09 20.00 2 S SHA B-344158 03/12/2019 1 20.00 Children Books    
  Written-off vide DLB M. No. 383 dt 16.05.19 Dewey Decimal Classification     Fiction Central Library Central Library 21/08/2009 Tarun Books/3939/15.5.09/13/23.4.09/4.7.09 20.00   S SHA B-344150 21/08/2009 1 20.00 Children Books    
  Written-off vide DLB M. No. 383 dt 16.05.19 Dewey Decimal Classification     Fiction Jor Bagh (Children Lib) Jor Bagh (Children Lib) 21/08/2009 Tarun Books/3939/15.5.09/13/23.4.09/4.7.09 20.00   S SHA B-344154 21/08/2009 1 20.00 Children Books    
    Dewey Decimal Classification     Fiction Karol Bagh Karol Bagh 21/08/2009 Tarun Books/3939/15.5.09/13/23.4.09/4.7.09 20.00   S SHA B-344156 21/08/2009 1 20.00 Children Books    
  Lost and Paid For Dewey Decimal Classification     Fiction Narela Narela 21/08/2009 Tarun Books/3939/15.5.09/13/23.4.09/4.7.09 20.00   S SHA B-344157 21/08/2009 1 20.00 Children Books    
    Dewey Decimal Classification     Fiction Patel Nagar Patel Nagar 21/08/2009 Tarun Books/3939/15.5.09/13/23.4.09/4.7.09 20.00   S SHA B-344151 21/08/2009 1 20.00 Children Books    
Written off Written-off vide DLB M. No. 388 dt 23.02.22 Dewey Decimal Classification     Fiction Peshwa Road Peshwa Road 21/08/2009 Tarun Books/3939/15.5.09/13/23.4.09/4.7.09 20.00   S SHA B-344152 21/08/2009 1 20.00 Children Books    
    Dewey Decimal Classification     Fiction Sarojini Nagar Sarojini Nagar 21/08/2009 Tarun Books/3939/15.5.09/13/23.4.09/4.7.09 20.00 3 S SHA B-344153 05/02/2026 1 20.00 Children Books 3  
  Lost and Paid For Dewey Decimal Classification     Fiction Shahdara Branch Shahdara Branch 21/08/2009 Tarun Books/3939/15.5.09/13/23.4.09/4.7.09 20.00   S SHA B-344159 21/08/2009 1 20.00 Children Books   R.No.004/40
  Written-off vide DLB M. No. 383 dt 16.05.19 Dewey Decimal Classification     Fiction Vinoba Puri Vinoba Puri 21/08/2009 Tarun Books/3939/15.5.09/13/23.4.09/4.7.09 20.00 6 S SHA B-344155 29/09/2012 1 20.00 Children Books    
    Dewey Decimal Classification     Fiction Yojana Vihar Yojana Vihar 21/08/2009 Tarun Books/3939/15.5.09/13/23.4.09/4.7.09 20.00   S SHA B-344160 21/08/2009 1 20.00 Children Books    

© Delhi Public Library
Hit Counter
free hit counter